|
|
|
|
| LEADER |
05087nam a2200997 4500 |
| 001 |
ocn767974727 |
| 003 |
OCoLC |
| 005 |
20170124072515.2 |
| 006 |
m o d |
| 007 |
cr ||||||||||| |
| 008 |
111208s2012 nju ob 001 0 eng |
| 010 |
|
|
|a 2011050967
|
| 040 |
|
|
|a DLC
|b eng
|e rda
|e pn
|c DLC
|d N$T
|d EBLCP
|d YDXCP
|d E7B
|d CDX
|d UMI
|d COO
|d B24X7
|d S4S
|d DEBSZ
|d TEFOD
|d UKDOC
|d MBB
|d DKDLA
|d RECBK
|d OCLCF
|d TEFOD
|d DG1
|d OCLCQ
|d DEBBG
|d AZK
|d LOA
|d GrThAP
|
| 019 |
|
|
|a 784883678
|a 794592483
|a 801193092
|a 810071460
|a 812412628
|a 864910352
|a 870660740
|a 961503705
|a 962593040
|a 965985482
|
| 020 |
|
|
|a 9781119203452
|q (electronic bk.)
|
| 020 |
|
|
|a 1119203457
|q (electronic bk.)
|
| 020 |
|
|
|z 9781118282687
|
| 020 |
|
|
|z 111828268X
|
| 020 |
|
|
|z 9781118285053
|
| 020 |
|
|
|z 1118285050
|
| 020 |
|
|
|z 9781118287316
|
| 020 |
|
|
|z 1118287312
|
| 020 |
|
|
|z 9781118273661
|q (hardback)
|
| 020 |
|
|
|z 1118273664
|q (hardback)
|
| 024 |
8 |
|
|a 9786613621221
|
| 028 |
0 |
1 |
|a EB00063272
|b Recorded Books
|
| 029 |
1 |
|
|a AU@
|b 000050060706
|
| 029 |
1 |
|
|a AU@
|b 000052892026
|
| 029 |
1 |
|
|a AU@
|b 000053282983
|
| 029 |
1 |
|
|a DEBBG
|b BV040901277
|
| 029 |
1 |
|
|a DEBSZ
|b 378285378
|
| 029 |
1 |
|
|a DEBSZ
|b 381373142
|
| 029 |
1 |
|
|a DEBSZ
|b 397187580
|
| 029 |
1 |
|
|a DKDLA
|b 820120-katalog:000599593
|
| 029 |
1 |
|
|a NZ1
|b 14976415
|
| 029 |
1 |
|
|a DEBBG
|b BV043393818
|
| 035 |
|
|
|a (OCoLC)767974727
|z (OCoLC)784883678
|z (OCoLC)794592483
|z (OCoLC)801193092
|z (OCoLC)810071460
|z (OCoLC)812412628
|z (OCoLC)864910352
|z (OCoLC)870660740
|z (OCoLC)961503705
|z (OCoLC)962593040
|z (OCoLC)965985482
|
| 037 |
|
|
|a 362122
|b MIL
|
| 037 |
|
|
|a 25410B32-70CA-4D42-B622-9D441A8B2F71
|b OverDrive, Inc.
|n http://www.overdrive.com
|
| 042 |
|
|
|a pcc
|
| 050 |
0 |
0 |
|a HV8073.5
|
| 072 |
|
7 |
|a LAW
|x 041000
|2 bisacsh
|
| 072 |
|
7 |
|a CRI
|2 eflch
|
| 082 |
0 |
0 |
|a 363.250285
|2 23
|
| 084 |
|
|
|a BUS001000
|2 bisacsh
|
| 049 |
|
|
|a MAIN
|
| 100 |
1 |
|
|a Marcella, Albert J.
|
| 245 |
1 |
0 |
|a Cyber forensics :
|b from data to digital evidence /
|c Albert J. Marcella, Ph. D., CISA, CISM, Frederic Guillossou, Fredrick Guillossou, CISSP, CCE.
|
| 264 |
|
1 |
|a Hoboken, New Jersey :
|b Wiley,
|c 2012.
|
| 300 |
|
|
|a 1 online resource.
|
| 336 |
|
|
|a text
|b txt
|2 rdacontent
|
| 337 |
|
|
|a computer
|b c
|2 rdamedia
|
| 338 |
|
|
|a online resource
|b cr
|2 rdacarrier
|
| 347 |
|
|
|a data file
|2 rda
|
| 380 |
|
|
|a Bibliography
|
| 490 |
1 |
|
|a Wiley Corporate F & A series
|
| 500 |
|
|
|a Includes index.
|
| 520 |
|
|
|a "An explanation of the basic principles of data. This book explains the basic principles of data as building blocks of electronic evidential matter, which are used in a cyber forensics investigations. The entire text is written with no reference to a particular operation system or environment, thus it is applicable to all work environments, cyber investigation scenarios, and technologies. The text is written in a step-by-step manner, beginning with the elementary building blocks of data progressing upwards to the representation and storage of information. It includes practical examples and illustrations throughout to guide the reader"--
|c Provided by publisher.
|
| 588 |
0 |
|
|a Print version record and CIP data provided by publisher.
|
| 504 |
|
|
|a Includes bibliographical references and index.
|
| 505 |
0 |
|
|a Cyber Forensics: From Data to Digital Evidence; Contents; Preface; Acknowledgments; Chapter 1: The Fundamentals of Data; Base 2 Numbering System: Binary and Character Encoding; Communication in a Two-State Universe; Electricity and Magnetism; Building Blocks: The Origins of Data; Growing the Building Blocks of Data; Moving Beyond Base 2; American Standard Code for Information Interchange; Character Codes: The Basis for Processing Textual Data; Extended ASCII and Unicode; Summary; Notes; Chapter 2: Binary to Decimal; American Standard Code for Information Interchange; Computer as a Calculator.
|
| 650 |
|
0 |
|a Forensic sciences
|x Technological innovations.
|
| 650 |
|
0 |
|a Electronic evidence.
|
| 650 |
|
0 |
|a Evidence, Criminal.
|
| 650 |
|
0 |
|a Criminal investigation.
|
| 650 |
|
0 |
|a Computer crimes
|x Investigation.
|
| 650 |
|
4 |
|a Social Science.
|
| 650 |
|
4 |
|a Forensic sciences
|x Technological innovations.
|
| 650 |
|
4 |
|a Electronic evidence.
|
| 650 |
|
4 |
|a Evidence, Criminal.
|
| 650 |
|
4 |
|a Criminal investigation.
|
| 650 |
|
4 |
|a Computer crimes
|x Investigation.
|
| 650 |
|
7 |
|a BUSINESS & ECONOMICS
|x Accounting
|x General.
|2 bisacsh
|
| 650 |
|
7 |
|a Business.
|2 fast
|0 (OCoLC)fst00842262
|
| 650 |
|
7 |
|a Forensic sciences / Technological innovations.
|2 local
|
| 650 |
|
7 |
|a Electronic evidence.
|2 local
|
| 650 |
|
7 |
|a Evidence, Criminal.
|2 local
|
| 650 |
|
7 |
|a Criminal investigation.
|2 local
|
| 650 |
|
7 |
|a Computer crimes / Investigation.
|2 local
|
| 655 |
|
4 |
|a Electronic books.
|
| 655 |
|
7 |
|a Electronic books.
|2 local
|
| 700 |
1 |
|
|a Guillossou, Frederic,
|d 1970-
|
| 776 |
0 |
8 |
|i Print version:
|a Marcella, Albert J.
|t Cyber forensics.
|d Hoboken, New Jersey : Wiley, 2012
|z 9781118273661
|w (DLC) 2011048568
|
| 830 |
|
0 |
|a Wiley corporate F & A.
|
| 856 |
4 |
0 |
|u https://doi.org/10.1002/9781119203452
|z Full Text via HEAL-Link
|
| 994 |
|
|
|a 92
|b DG1
|